Obras: Literatura Hispanoamericana - Estadísticas

Estadísticas generales
  • Esta prueba ha sido intentada 13 veces
  • La puntuación promedio es 7 de 15
Estadísticas de respuestas
Hint Respuesta % Correcto
Pedro Páramo Juan Rulfo
85%
Rayuela Julio Cortázar
85%
El llano en llamas Juan Rulfo
54%
Bestiario Julio Cortázar
54%
Historias de cronopios y famas Julio Cortázar
54%
Ecué-Yamba-O Alejo Carpentier
46%
La muerte de Artemio Cruz Carlos Fuentes
46%
La última niebla María Luisa Bombal
46%
La amortajada María Luisa Bombal
46%
Las armas secretas Julio Cortázar
38%
Yo el supremo Augusto Roa Bastos
31%
La región más transparente Carlos Fuentes
31%
Hijo de hombre Augusto Roa Bastos
23%
Todos los fuegos, el fuego Julio Cortázar
23%
El árbol María Luisa Bombal
15%
No se encontraron pruebas coincidentes
Distribución de puntuación
Porcentaje de gente con cada puntuación
Porcentaje por número respondido
Historial de tus puntuaciones
No has intentado esta prueba.